Tratado de anatomía humana / (Record no. 129507)

MARC details
000 -LEADER
campo de control de longitud fija 00705nam a2200229 i 4500
001 - NÚMERO DE CONTROL
campo de control 129507
003 - IDENTIFICADOR DE NÚMERO DE CONTROL
campo de control ES-MaACL
005 - FECHA Y HORA DE LA ÚLTIMA TRANSACCIÓN
campo de control 20251003163322.0
007 - CAMPO FIJO DE DESCRIPCIÓN FÍSICA--INFORMACIÓN GENERAL
campo de control de longitud fija t|
008 - DATOS DE LONGITUD FIJA--INFORMACIÓN GENERAL
campo de control de longitud fija 070625s1979 sp ||||1| spa d
080 ## - NÚMERO DE LA CLASIFICACIÓN DECIMAL UNIVERSAL
Número de la Clasificación Decimal Universal 611(075.8)
100 1# - ENTRADA PRINCIPAL--NOMBRE DE PERSONA
Nombre de persona Testut, Léo (
Fechas asociadas al nombre 1849-1925)
9 (RLIN) 133195
245 10 - MENCIÓN DEL TÍTULO
Título Tratado de anatomía humana /
Mención de responsabilidad, etc. L. Testut y A. Latarjet.
250 ## - MENCION DE EDICION
Mención de edición 9ª ed.
Resto de la mención de edición rev., corr. y aum.
260 ## - PUBLICACIÓN, DISTRIBUCIÓN, ETC.
Lugar de publicación, distribución, etc. Barcelona, etc. :
Nombre del editor, distribuidor, etc. Salvat,
Fecha de publicación, distribución, etc. 1979.
300 ## - DESCRIPCIÓN FÍSICA
Extensión XII, 1142 p. :
Otras características físicas il. ;
Dimensiones 26 cm.
500 ## - NOTA GENERAL
Nota general Tomo tercero.
650 #7 - PUNTO DE ACCESO ADICIONAL DE MATERIA--TÉRMINO DE MATERIA
Término de materia o nombre geográfico como elemento de entrada Anatomía humana
Fuente del encabezamiento o término embne
9 (RLIN) 9801
700 1# - ENTRADA AGREGADA--NOMBRE PERSONAL
Nombre de persona Latarjet, André,
Fechas asociadas al nombre 1877-1947
9 (RLIN) 70513
852 ## - LOCALIZACIÓN
Ubicación ES-MaACL
Número de control de estantería A-10717
Sublocalización o colección R.100115
Holdings
Estatus retirado Estado de pérdida Estado de daño No para préstamo Biblioteca de origen Biblioteca actual Ubicación en estantería Fecha de adquisición Fuente de adquisición Total de préstamos Signatura topográfica completa Código de barras Visto por última vez Precio de reemplazo Tipo de ítem Koha
        Biblioteca del Ateneo de Madrid Biblioteca del Ateneo de Madrid Depósito 1 17/01/2008     A-10717 1134860 23/02/2023 23/02/2023 Libro impreso